History Quiz

Random History or Blitz Quiz
Score 0/39 Timer 03:00
2 Plays Today
% Correct
Jeffer
97.5%
Eisen
97.1%
Roose
96.8%
Oba
96.5%
Cleve
96.4%
Nix
96.4%
Washing
96.4%
Mc
96.3%
Jack
96.3%
John
96.2%
Clin
96.2%
Madi
95.9%
Lin
95.8%
Ken
95.7%
Harri
95.6%
Coo
94.4%
Tru
94.2%
Hoo
94.2%
Gar
94.1%
Van
93.9%
% Correct
Bucha
93.9%
Ad
93.6%
Tr
93.5%
Rea
92.3%
Fill
91.6%
Tay
91.2%
Mon
91.2%
Wil
90.9%
Gr
89.2%
Po
87.6%
Car
87%
Har
86.5%
Fo
86.4%
Ty
86%
Ar
85.7%
Ta
84.8%
Pie
84.4%
Bu
82.8%
Ha
75.3%
Remove Ads.
Support Sporcle.
Get the best of Sporcle when you Go Orange. This ad-free experience offers more features, more stats, and more fun while also helping to support Sporcle. Thank you for becoming a member.

You're not logged in!

Compare scores with friends on all Sporcle quizzes.
OR
Log In

Show Comments

Extras

Top Quizzes Today


Score Distribution

Your Account Isn't Verified!

In order to create a playlist on Sporcle, you need to verify the email address you used during registration. Go to your Sporcle Settings to finish the process.

Report this User

Report this user for behavior that violates our Community Guidelines.

Details: